| 000 | 01161nam a2200253Ia 4500 | ||
|---|---|---|---|
| 003 | Ost | ||
| 005 | 20260507074913.0 | ||
| 008 | 260507s9999||||xx |||||||||||||| ||und|| | ||
| 020 | _a7599110854 | ||
| 040 | _cfsecg | ||
| 041 | _aara | ||
| 082 | _a657 | ||
| 100 |
_aحلوة، رضوان حنان _eمؤلف |
||
| 245 | 0 |
_aمدخل النظرية المحاسبية : _bالاطار الفكري-التطبيقات العلمية / _c رضوان حنان حلوة |
|
| 260 |
_aعمان: _bدار وائل, _c2004 |
||
| 300 |
_a446 صفحة؛ _bإيضاحات ؛ _c24 سم |
||
| 504 | _aببليوغرافيا: ص.346 (اقتناءات 2014 6ن) | ||
| 520 | _a-الإيطار الفكري للممارسات المهنية الجارية: المبادئ المحاسبية المقبولة عموما، تطبيقات في الممارسات المهنية الجارية: منهج التكلفة التاريخية المقبولة عموما، قياس الدخل بين التكلفة والقيمة | ||
| 653 | _aالدخل | ||
| 653 | _aالقيمة | ||
| 653 | _aالمحاسبة | ||
| 653 | _aمحاسبة التكاليف | ||
| 942 | _cكتاب | ||
| 999 |
_c41752 _d41752 |
||